Longest Latitude Increasing Country Chain - Statistics

General Stats
  • This quiz has been taken 65 times
  • The average score is 36 of 45
Answer Stats
COUNTRY % Correct
DR Congo
96%
South Africa
96%
Botswana
94%
Lesotho
94%
Egypt
91%
Rep. of the Congo
91%
Israel
89%
Lebanon
89%
Mozambique
89%
Syria
89%
Turkey
89%
Zimbabwe
89%
Sudan
87%
Zambia
87%
Greece
85%
Russia
85%
South Sudan
83%
Albania
81%
Croatia
81%
Tanzania
81%
Bosnia and H.
79%
Ethiopia
79%
Slovenia
79%
Finland
77%
Germany
77%
Kosovo
77%
Malawi
77%
Poland
77%
Serbia
77%
Austria
74%
Central African Republic
74%
Czech Republic
74%
Lithuania
74%
Macedonia
74%
Norway
74%
Slovakia
74%
Cameroon
72%
Hungary
72%
Latvia
72%
Montenegro
72%
Belarus
70%
Estonia
70%
Gabon
68%
Burundi
66%
Equatorial Guinea
66%
No matching quizzes found
Score Distribution
Percent of People with Each Score
Percentile by Number Answered
Your Score History
You have not taken this quiz